=LDR 00000nam 2200000 4500 =001 INLIS000000000003841 =005 20130612092138 =008 ***********************************Ind** =035 ##$$0010-061300000003841 =041 ##$$a Ind =082 ##$$a 540.7 =090 ##$$a 540.7, Kim =245 ##$$a Kimia SMU 1b, Suciati Pahyono...[et al.] =260 ##$$a 1995 $b Semarang =300 ##$$a vii, 49 hlm., bilus., 28 cm =650 ##$$a Kimia =650 ##$$a Studi dan pengajaran =700 ##$$a Pahyono, Suciati =850 ##$$a NBPNMAT